شرح العقيدة الطحاوية الميسر / (رقم التسجيلة. 41501)

تفاصيل مارك
000 -الفاتح
عناصر البيانات ثابتة الطول 00729cam a2200193 i 4500
005 - تاريخ ووقت آخر معاملة
حقل ضبط 20251202112616.0
008 - عناصر البيانات ثابتة الطول
عناصر البيانات ثابتة الطول 250721s1994 ts gr 000 0 ara d
082 14 - رقم تصنيف ديوي العشري
رقم التصنيف 214
رقم المادة خ م ي
100 1# - مدخل رئيسي – اسم شخصي
الاسم الشخصي الخميس، محمد بن عبد الرحمن
علاقة الشخص بالعمل/ دوره مؤلف.
245 10 - بيان العنوان
العنوان شرح العقيدة الطحاوية الميسر /
بيان المسؤولية د. محمد بن عبد الرحمن الخميس.
250 ## - بيان الطبعة
بيان الطبعة الطبعة الاولى.
264 31 - بيانات النشر، التوزيع…إلخ
مكان النشر، التوزيع...إلخ الشارقة :
اسم الناشر، الموزع...إلخ دار الفتح للطباعة والنشر والتوزيع،
تاريخ النشر، التوزيع...إلخ 1994.
300 ## - الوصف المادي
عدد الوحدات المكونة للوعاء 110صفحة.
650 17 - مدخل إضافي بالموضوع - مصطلح موضوعي
مصطلح موضوعي أو اسم جغرافي كعنصر مدخل أصول الدين الإسلامي.
650 17 - مدخل إضافي بالموضوع - مصطلح موضوعي
مصطلح موضوعي أو اسم جغرافي كعنصر مدخل علم الكلام.
650 17 - مدخل إضافي بالموضوع - مصطلح موضوعي
مصطلح موضوعي أو اسم جغرافي كعنصر مدخل التوحيد.
942 ## - بيانات إضافية (كوها)
نوع التنصيف Dewey Decimal Classification
نوع المادة (كوها) كتب
المقتنيات
حالة السحب حالة الفقدان مصدر التصنيف حالة التلف غير قابل للإعارة المكتبة الرئيسية المكتبة الحالية موقع الرف تاريخ التزويد الرقم المتسلسل Total Checkouts رقم الإستدعاء الباركود تاريخ آخر ظهور تاريخ الفاتورة نوع المادة (كوها)
    Dewey Decimal Classification     المكتبة المركزية المكتبة المركزية الإعارة 06/07/2004 282294   214 / خ م ي 282294 28/07/2025 06/07/2004 كتب
    Dewey Decimal Classification Unchecked   مكتبة الجويدة مكتبة الجويدة الإعارة 06/07/2004 288377   214/خمي   28/07/2025 06/07/2004 كتب
    Dewey Decimal Classification     مكتبة الحسن العامة مكتبة الحسن العامة الإعارة 16/09/2018 388378   214/خمي PLD00431754 28/07/2025 16/09/2018 كتب
    Dewey Decimal Classification     مكتبة حمزة العامة مكتبة حمزة العامة الإعارة 06/07/2004 288379   214/خمي 288379 28/07/2025 06/07/2004 كتب
    Dewey Decimal Classification     مكتبة صويلح العامة مكتبة صويلح العامة الإعارة 06/07/2004 288374   214/خمي 288374 28/07/2025 06/07/2004 كتب
Implemented & Customized by: BBB with SCIT (Smart Chains for Information Technology)

Powered by Koha